000
00313nam a22001457a 4500
008
210427b ||||| |||| 00| 0 eng d
020
_a
9780138419257
041
_a
eng
080
_2
2nd
_a
541
082
_a
541
100
_a
12
101
_a
KIM
245
_a
Organic Chemistry
_c
Bruice,P.Y
942
_2
udc
_c
BK
999
_c
56842
_d
56842